| 000 | 00929nam a2200265Ia 4500 | ||
|---|---|---|---|
| 001 | dia_4566 | ||
| 003 | CHAP | ||
| 005 | 20251023160124.0 | ||
| 008 | 220117s2010 xx 000 0 und d | ||
| 010 | _a175231 | ||
| 040 | _cCHAP | ||
| 082 | _a664.36 S26 2010 | ||
| 100 | 1 |
_aSánchez Peña, José Víctor _9107749 |
|
| 245 |
_aNuevos desarrollos tecnológicos en la agroindustria aceitera en México / _c José Víctor Sánchez Peña |
||
| 260 |
_aMéxico : _b UACh. Departamento de Ingeniería Agroindustrial, _c2010 |
||
| 300 | _a11 h. | ||
| 500 | _aEn portada: Notas para el curso de Tecnología de Cereales y Oleaginosas 7º año de Ingeniería Agroindustrial | ||
| 503 | _aD | ||
| 650 |
_aAceites vegetales _9457 |
||
| 650 |
_aAceites y grasas comestibles _9153532 |
||
| 901 | _a664.36 S26 2010 | ||
| 902 | _aM | ||
| 905 | _a0000002010 mx i 0000000000spa00 | ||
| 942 |
_cLIBRO _2ddc |
||
| 999 |
_c175231 _d175231 |
||